[Event "IND-ch U10 Girls"]
[Site "Jammu"]
[Date "2022.04.28"]
[Round "5"]
[White "Ishani, Das"]
[Black "Charvi, A."]
[Result "0-1"]
[WhiteElo "1049"]
[BlackElo "1267"]
[PlyCount "112"]
[EventDate "2022.04.26"]
[EventType "swiss"]
[EventRounds "11"]
[EventCountry "IND"]
[SourceTitle "EXT 2023"]
[Source "ChessBase"]
[SourceDate "2022.10.05"]
[SourceVersion "1"]
[SourceVersionDate "2022.10.05"]
[SourceQuality "1"]

1. e4 c5 2. Nf3 d6 3. d4 cxd4 4. Nxd4 Nf6 5. Nc3 a6 6. Bg5 e6 7. f4 Be7 8. Bd3 h6 9. Bh4 Nbd7 10. Qf3 0-0 11. 0-0-0 Qc7 12. g4 g6 13. Rhg1 Nc5 14. f5 g5 15. Bf2 e5 16. Nb3 Nxd3+ 17. Qxd3 Bd7 18. h4 Qd8 19. hxg5 hxg5 20. Be3 Nh7 21. Nd5 Bc6 22. Bb6 Qd7 23. Nxe7+ Qxe7 24. Qxd6 Qxd6 25. Rxd6 Bxe4 26. Re1 Bf3 27. Rxe5 Bxg4 28. Re7 Rfe8 29. Rxb7 Re1+ 30. Kd2 Rd1+ 31. Kc3 Rxd6 32. Kb4 Nf6 33. Kc5 Ne4+ 34. Kc4 Bxf5 35. Bc5 Nxc5 36. Kxc5 Rad8 37. c4 g4 38. Re7 Be6 39. Na5 R6d7 40. Rxd7 Rxd7 41. b4 g3 42. b5 g2 43. b6 g1Q+ 44. Kc6 Qg2+ 45. Kc5 Rb7 46. Nxb7 Qxb7 47. a4 Bxc4 48. Kxc4 Qxb6 49. Kc3 Qa5+ 50. Kb3 f5 51. Ka3 Qc3+ 52. Ka2 f4 53. Kb1 Qd2 54. Ka1 f3 55. a5 f2 56. Kb1 f1Q# 0-1